Responses for Show #5344 - Thursday, November 29, 2007

Lisa Klink game 4.

Contestants

[<< previous game]

Adam Swensek, an attorney from New Orleans, Louisiana

Angela Janis, a resident physician from Madison, Wisconsin

Lisa Klink, a TV writer from Los Angeles, California (whose 3-day cash winnings total $47,400)

[next game >>]

Jeopardy! Round responses

ASIAN HISTORY
GRAMMY'S RECORD OF THE YEAR
DA PLANE! DA PLANE!
PULP NURSERY RHYME
"CON" GAME
STUPID ANSWERS
    $200 26
Kublai Khan

Triple Stumper
    $200 15
Frank Sinatra

Lisa
    $200 11
Cuba

Lisa
    $200 21
Little Miss Muffet

Adam
    $200 6
conception

Lisa
    $200 1
Geneva

Adam
    $400 27
(Alex: His name was [*]. We're doing well so far, aren't we?)

Ho Chi Minh

Triple Stumper
    $400 17
Billy Joel

Lisa
    $400 12
(Adam: What is 24?)

18

AngelaAdam
    $400 22
porridge

Adam
    $400 7
(Adam: What are congos?)

conga drums

LisaAdam
    $400 2
Donkey

Adam
    $600 28
Persia / Iran

Triple Stumper
    $600 18
Eric Clapton

Lisa
    $600 13
1950s

Triple Stumper
    $600 23
Old King Cole

Adam
    $600 8
contagious

Lisa
    $600 3
United Nations

Lisa
    $100 29
(Angela: What is Delhi?
Alex: Nope. You're in the wrong country. [*], Thailand.)

Bangkok

Angela
    $800 19
Roberta Flack

Angela
    $800 14
American Airlines

Triple Stumper
    $800 24
Little Bo Peep

Angela
    $800 9
consommé

Lisa
    $800 4
Vega$

Lisa
    $1000 30
Turkey

Triple Stumper
    $1000 20
Seal

Lisa
    $1000 16
Marseilles

Triple Stumper
    $1000 25
(Alex: And that was your [*]. Why am I still talking this way? [shakes head, audience laughter] I'm not well.)

Little Boy Blue

Triple Stumper
    $1000 10
concierge

Lisa
    $1000 5
The Firm

Lisa

Scores at the first commercial break (after clue 15):

Lisa Angela Adam
$5,800 $400 -$200

Scores at the end of the Jeopardy! Round:

Lisa Angela Adam
$7,800 $1,900 $1,000

Double Jeopardy! Round responses

WHERE AM I?
FROM PAGE TO SCREEN
SCIENCE FACTION
HARD RHYME TIME
WHAT A SCOOP!
YOU'RE GOING TO WIN A PULITZER!
    $400 1
Vienna

Angela
    $400 11
Jane Eyre

Lisa
    $400 16
Australia & New Zealand

Lisa
    $400 21
sharks' parks

Lisa
    $400 26
a sundae

Angela
    $400 6
(Angela: What is a flood?)

tornado

AngelaAdam
    $800 2
Latvia

Adam
    $800 12
John Updike

Adam
    $800 17
The Christian Science Monitor

Adam
    $800 22
a rayon crayon

Adam
    $800 27
[The end-of-round signal sounds.]

Oreos

Angela
    $800 7
restaurants

Lisa
    $1200 3
(Adam: What is Poland?)

the Czech Republic

Adam
Triple Stumper
    $1200 13
The Scarlet Letter

Lisa
    $1200 18
(Adam: What is economic?)

educational

Adam
Triple Stumper
    $1200 23
a leather feather

Lisa
    $1200 8
The Miami Herald

Adam
    $1600 4
Gdańsk

Adam
    $3,000 14
(Lisa: What is War and Peace?)
(Alex: Nope. What is [*]? War and Peace, of course, by Tolstoy, not Dostoyevsky.)

The Brothers Karamazov

Lisa
    $1600 19
(Angela: What is the National Academy of Science?)

the National Academy of Sciences

Angela
Triple Stumper
    $1600 24
a prism schism

Adam
    $1600 9
editorials

Lisa
    $2000 5
Okinawa

Triple Stumper
    $2000 15
The Last Tycoon

Lisa
    $2000 20
(Alex: Yes, International [*] Energy.)

Atomic

Adam
    $2000 25
a purist jurist

Triple Stumper
    $1,000 10
(Lisa: What is Moscow?)
(Alex: No. Remember the Hungarian revolt of 1956? So he was reporting from [*]. [*].)

Budapest

Lisa

Scores at the end of the Double Jeopardy! Round:

Lisa Angela Adam
$11,800 $1,500 $8,600

[wagering suggestions for these scores]

Final Jeopardy! Round responses

19th CENTURY BOOKS
AngelaWhat is
$18
AdamWhat is Das Kapital?
$5,500
LisaWhat is The Prince?
$6,100
The Communist Manifesto

Final scores:

Lisa Angela Adam
$5,700 $1,482 $3,100
4-day champion: $53,100 3rd place: $1,000 2nd place: $2,000

Game dynamics:

Coryat scores:

Lisa Angela Adam
$15,800 $1,600 $8,600
21 R,
2 W
(including 2 DDs)
6 R,
3 W
(including 1 DD)
14 R,
4 W

Combined Coryat: $26,000

[game clues] [game scores] [suggest correction]

Game tape date: 2007-08-21
The J! Archive is created by fans, for fans. Scraping, republication, monetization, and malicious use prohibited; this site may use cookies and collect identifying information. See terms. The Jeopardy! game show and all elements thereof, including but not limited to copyright and trademark thereto, are the property of Jeopardy Productions, Inc. and are protected under law. This website is not affiliated with, sponsored by, or operated by Jeopardy Productions, Inc. Join the discussion at JBoard.tv.